000 01074nam0a2200349 4500
001 RU\NLR\bibl\255103
005 20250620124146.0
010 _a5-901646-01-0
_95000
021 _aRU
_b2001-47941
_92301
035 _a(NLR Aleph) 000250864
090 _a1463763
_c1463763
100 _a20020204d2001 |||y0rusy50 ca
101 0 _arus
102 _aRU
105 _aa |||||||||
200 1 _aКультура кактусов
_fС. Батов
210 _aМ.
_cСлог-Пресс-Спорт
_d2001
215 _a425,[2] с.
_cил.
_d26
320 _aБиблиогр.: с. 420-426
606 0 _aКактусовые
_xКультура
_91226356
_3RU\NLR\auth\66499596
606 0 _aКактусы
675 _a635.9:582.852
_v3
_zrus
686 _a68.35
_2rugasnti
686 _a42.374
_2rubbk
686 _aП274.65-4
700 1 _aБатов
_bС. Г.
_gСергей Геннадьевич
_4070
801 0 _aRU
_bRKP
_c20020204
_gPSBO
801 1 _aRU
_bRKP
_c20020204
801 2 _aRU
_bNLR
_c20081204
_grcr
942 _cBOOK
980 _aNB